| 000 | 00795nam a22002657a 4500 | ||
|---|---|---|---|
| 999 |
_c131989 _d131989 |
||
| 003 | dpl | ||
| 005 | 20190128124244.0 | ||
| 008 | 190128b ||||| |||| 00| 0 eng d | ||
| 010 | _aA-904808 | ||
| 020 |
_c00.00 _a0074623052 |
||
| 035 | _aA-904808, A-904827 | ||
| 037 | _bCen Lib/Ret | ||
| 040 |
_aDPL _bEN _c0 |
||
| 082 |
_a624.1821 _bNEG |
||
| 100 |
_aNegi, L S _933408 |
||
| 245 |
_aDesign of steel structures / _cby L S Negi |
||
| 250 | _a2nd ed | ||
| 260 |
_bTata McGraw-Hill Publishing Company _aNew Delhi _c1997 |
||
| 270 |
_a7 West Patel Nagar _bNew Delhi _e1100028 |
||
| 300 |
_aix,317p. : _c22cm(Hb) _bill. |
||
| 500 | _aIncludes index | ||
| 650 |
_aBuilding, Iron and steel _933409 |
||
| 650 |
_aSteel, Structural _933410 |
||
| 942 |
_2ddc _cEN _h624.1821 _mNEG |
||